000 00522nam a2200229Ia 4500
001 12542
003 GE_BSU
008 181216s||||||||xx |||||||||||||| ||und||
020 _a9780340809617
040 _cGE_BSU
080 _a81'42
100 _aWoods,Nicola
245 _aDescribing Discourse
245 2 _bA practical guide to discourse Analysis
260 _aLondon
260 _bHodder Arnold
260 _c2006
300 _a203p.22cm.
541 _h90Gel.
653 _aDescribing Discourse
942 _cBK
999 _c45715
_d45715